000 00686nam a2200217 4500
003 OSt
005 20240731043748.0
006 a
008 240731b |||||||| |||| 00| 0 eng d
020 _a9710489824
040 _aDWCL-Main lib.
_cOC
082 _22011 edition
_aFil. 346.022 S714o 2011
100 _aSoriano, Fidelito R.
245 _aObligations and contracts : law and applications for business students /
250 _a2011 edition
260 _aManila :
_bGIC Enterprises & Co., Inc.,
_cc2011.
300 _b454 p. ;
_c22 cm.
650 _a1. Contracts (Law)-Philippines.
650 _a2. Commercial law-Philippines.
942 _2ddc
_n0
_cBK - FIL
_e2011 edition
_kFil.
999 _c3016
_d3016